Collectanea decisionum omnes fere casus in tribunalibus Italiae, praesertim Romanae rotae manuscriptos ac curiae archiepis ...

Detalles Bibliográficos
Autor principal: RICCIO, Juan Aloysio
Formato: Libro
Publicado: Ginebra 1620
Materias:
Colección:Banco de datos
Acervo:Biblioteca del Ex Convento de Nuestra Señora de Guadalupe. Zacatecas
Tema general:Derecho Civil
Notas:Regular. IV,3,37(1112). Ex libris manuscrito de la librería de del colegio Guadalupe de Zacatecas en el verso de la portada
LEADER 00849nam a22001930004500
035 |a 39032 
036 |a 216 
100 1 |a RICCIO, Juan Aloysio 
245 1 0 |a Collectanea decisionum omnes fere casus in tribunalibus Italiae, praesertim Romanae rotae manuscriptos ac curiae archiepis ... 
260 |a Ginebra  |b imp. Philippum Albertum  |c 1620 
500 |a Regular. IV,3,37(1112). Ex libris manuscrito de la librería de del colegio Guadalupe de Zacatecas en el verso de la portada 
650 1 0 |a Derecho Civil 
949 |a CRZ-CG 
959 |a Ex convento de Nuestra Señora de Guadalupe, Museo Regional de Zacatecas, Zacatecas  |b CCC4 
960 |a Convento de Nuestra Señora de Guadalupe, Zacatecas  |b DD87 
961 |a Franciscana  |b OF 
942 |c CRZ-CG 
943 |g Biblioteca del Ex Convento de Nuestra Señora de Guadalupe. Zacatecas 
999 |c 963159  |d 963159